عرض عادي عرض مارك
  • Levine, Robert S.

مدخل إسم شخص

عدد التسجيلات المستخدمة في: 1

001 - رقم الضبط

  • حقل الضبط: 45963

003 - معرف رقم الضبط

  • حقل الضبط: OSt

005 - تاريخ ووقت أخر عملية

  • حقل الضبط: 20140707213834.0

008 - عناصر بيانات ثابتة الطول

  • حقل تحكم ثابت الطول: 140707|||a|||||| | ||| d

040 ## - مصدر الفهرسة

  • هيئة الفهرسة الأصلية: OSt
  • وكالة الكتابة: OSt

100 ## - مدخل -- أسم شخص

  • إسم شخص: Levine, Robert S.
  • الشكل الكامل للاسم: (Robert Steven),
  • تواريخ مرتبطة بالاسم: 1953-

670 ## - بيانات المصدر موجوده

  • الاستشهاد بالمصدر: Work cat.: (OSt)0: The Norton anthology of American literature /, c2013.